000 00674nam a22002057a 4500
005 20250827155027.0
010 _aENG-146556
020 _a9789371365079
_c160.00
035 _aEN-130088
037 _bDBAD
082 _a547
_21
100 _aJoshi, Vishal
_984408
245 _a13 Booklet Previous Year's Solved Questions Chemistry/
_cVishal Joshi
250 _a1
260 _aNoida
_bPearson India Education
_c2025
270 _a15th Floor, Towe-B, World Trade Tower, Plot No.1, Block-C, Sector-16
_bNoida
_e201301
300 _avpp.
_c25cm(pb)
500 _aJEE Main Aprils 2025 Attempt Chapter-wise and Topic-wise
942 _2ddc
_cEN
_h547
_mJOS
999 _c213191
_d213191